000 006140000a22001930004500
090 _aAR
_b00992
245 1 0 _aOccurrence and biogeographic significance of the southern spiny pocket mouse Heteropys australis in Venezuela
650 1 4 _aBiogeografía
_992747
650 1 4 _aFauna
_992594
650 1 4 _aRoedores
_97408
651 4 _pAustralia
_992749
651 4 _pVenezuela
_992749
653 _gHeteromys
_eHeteromys australis
041 0 _aInglés
700 1 _aSoriano M., Pascual J.
_994184
100 1 _aAnderson, Robert P.
_994185
942 _cARTICULO
773 1 _tZ. Säugetierkunde
_3358
_h64
_q121-125
_d1999
999 _c10080
_d10080